| 000 | 00582nam a2200193 u 4500 | ||
|---|---|---|---|
| 001 | 61876 | ||
| 005 | 20180714063700.0 | ||
| 008 | 141206s2012 mx r 000 0 spa d | ||
| 082 |
_a863 _bLOZ |
||
| 100 | 1 |
_aLozano Garbala, David _eautor |
|
| 245 | 1 | 0 |
_aDonde surgieron las sombras / _cDavid Lozano Grbala. |
| 250 | _aPrimera edición | ||
| 264 |
_aMéxico : _bEdiciones SM , _c2012 |
||
| 300 |
_a281 paginas ; : _b21 cm. |
||
| 336 |
_atexto _2rdacontent |
||
| 337 |
_asin mediación _2rdamedia |
||
| 338 |
_avolumen _2rdacarrier |
||
| 490 | 1 | _aPremio gran angular | |
| 999 |
_c61876 _d61876 |
||